Central Library OPAC University of Rajshahi
Normal view MARC view

Entry Personal Name

Number of records used in: 2

001 - CONTROL NUMBER

  • control field: 3121

003 - CONTROL NUMBER IDENTIFIER

  • control field: BD-RjUL

005 - DATE AND TIME OF LATEST TRANSACTION

  • control field: 20220522164814.0

008 - FIXED-LENGTH DATA ELEMENTS

  • fixed length control field: 220522|| aca||aabn | a|a d

040 ## - CATALOGING SOURCE

  • Original cataloging agency: BD-RjUL
  • Transcribing agency: BD-RjUL

100 ## - HEADING--PERSONAL NAME

  • Personal name: Smith, Elmer R. , jt. auth

670 ## - SOURCE DATA FOUND

  • Source citation: Work cat.: (BD-RjUL)75001: Hoebel, E. Adamson (Edward Adamson), 1906- comp. 226734, Readings in anthropology /, 1955.